L'expansion europeenne 1600-1870

שמור ב:
מידע ביבליוגרפי
מחבר ראשי: Mauro, Frédéric (autor)
פורמט: ספר
שפה:צרפתית
יצא לאור: París Universitaires de France 1967
מהדורה:2a. ed
סדרה:Nouvelle Clio. L' histoire et ses problémes, 27
נושאים:
תגים: הוספת תג
אין תגיות, היה/י הראשונ/ה לתייג את הרשומה!

MARC

LEADER 00000nam a2200000 a 4500
001 UCP5486
003 CL-VaPUC
008 990910e19670000FR |||||||||||||||||fre|d
082 0 4 |a 940.2  |b MAU  |2 21 
100 |a Mauro, Frédéric  |e autor  |9 534662 
245 1 2 |a L'expansion europeenne 1600-1870 
250 |a 2a. ed 
300 |a 417 p 
942 |c BK 
945 |d 19990910 00:00:00  |a lriquelm 
260 |a París  |b Universitaires de France  |c 1967 
650 0 |a Historia moderna  |9 268036 
650 0 |a Comercio  |9 255341 
650 0 |a Navegación   |9 255384 
650 0 |a Agricultura  |9 255598 
650 0 |a Industrias   |9 263688 
651 0 |a Europa  |9 255156 
583 |a last modification  |c 19990910 00:00:00  |k Rodrigo Vera 
490 0 |a Nouvelle Clio. L' histoire et ses problémes, 27 
999 |c 283231  |d 283229 
952 |0 0  |1 0  |4 0  |6 940_200000000000000_MAU_1967  |7 0  |8 A  |9 326137  |a BIBHIS  |b BIBHIS  |d 2019-11-20  |i 1369601  |o 940.2 MAU 1967  |p 1369601  |r 2025-01-20  |w 2019-11-20  |y BK  |k HIS